[Event "Skopje Karposh CC-ch"]
[Site "Skopje"]
[Date "2023.07.22"]
[Round "9"]
[White "Golubovic, Tomislav"]
[Black "Nikolovski, David"]
[Result "1/2-1/2"]
[WhiteElo "1622"]
[BlackElo "1845"]
[PlyCount "97"]
[EventDate "2023.07.16"]
[EventType "tourn"]
[EventRounds "11"]
[EventCountry "MKD"]
[SourceTitle "CBM 215 Extra"]
[Source "ChessBase"]
[SourceDate "2023.09.30"]
[SourceVersion "1"]
[SourceVersionDate "2023.09.30"]
[SourceQuality "1"]

1. e4 c5 2. Nf3 d6 3. d4 cxd4 4. Nxd4 Nf6 5. Nc3 a6 6. a4 e5 7. Nf3 Be7 8. Bc4 Be6 9. Bxe6 fxe6 10. 0-0 Nc6 11. h3 0-0 12. Be3 d5 13. exd5 exd5 14. Bg5 d4 15. Bxf6 Bxf6 16. Ne4 Rc8 17. Qd2 Qd5 18. Rfe1 Be7 19. c3 Rf4 20. Ng3 Rcf8 21. cxd4 Rxf3 22. gxf3 Nxd4 23. Kf1 Qc4+ 24. Kg2 Nxf3 25. Qe2 Nxe1+ 26. Rxe1 Qxe2 27. Rxe2 Bc5 28. Ne4 Bd4 29. Nd6 Rd8 30. Nxb7 Rb8 31. Nd6 Rxb2 32. Rxb2 Bxb2 33. Kf3 Kf8 34. Ke4 Ke7 35. Kd5 Kf6 36. Nc4 Bc3 37. Nd6 Ba1 38. Ne8+ Kg5 39. Nxg7 Kh4 40. Ne6 Kxh3 41. Ng5+ Kg2 42. Nxh7 Kxf2 43. Ke4 Ke2 44. Nf6 Kd2 45. Nd7 a5 46. Nc5 Kc2 47. Nb7 Bc3 48. Nxa5 Bxa5 49. Kxe5 1/2-1/2

[Event "Skopje Karposh CC-ch"]
[Site "Skopje"]
[Date "2023.07.16"]
[Round "2"]
[White "Golubovic, Tomislav"]
[Black "Cvetkovski, Slobodan"]
[Result "1/2-1/2"]
[WhiteElo "1622"]
[BlackElo "1753"]
[PlyCount "223"]
[EventDate "2023.07.16"]
[EventType "tourn"]
[EventRounds "11"]
[EventCountry "MKD"]
[SourceTitle "CBM 215 Extra"]
[Source "ChessBase"]
[SourceDate "2023.09.30"]
[SourceVersion "1"]
[SourceVersionDate "2023.09.30"]
[SourceQuality "1"]

1. e4 c5 2. Nf3 Nf6 3. Nc3 d6 4. d4 cxd4 5. Nxd4 e6 6. Bc4 Be7 7. 0-0 a6 8. Bb3 Bd7 9. a4 0-0 10. Be3 Nc6 11. f3 Rc8 12. Qd2 Na5 13. Ba2 Nc4 14. Bxc4 Rxc4 15. b3 Rc8 16. Nd1 Qc7 17. c4 g6 18. Rc1 e5 19. Nc2 b5 20. axb5 axb5 21. Nb4 bxc4 22. bxc4 Bc6 23. Nc3 Rfe8 24. Nbd5 Bxd5 25. cxd5 Qa5 26. Ne2 Qxd2 27. Bxd2 Nd7 28. Rxc8 Rxc8 29. Rc1 Rxc1+ 30. Nxc1 f5 31. Nb3 fxe4 32. fxe4 Nf6 33. Bg5 Nxd5 34. exd5 Bxg5 35. Kf2 Kf7 36. Kf3 Bd8 37. Nd2 h6 38. g4 Ba5 39. Ne4 Bb4 40. h4 Ba3 41. Ng3 Bb4 42. h5 Kf6 43. Ne4+ Kg7 44. Ng3 gxh5 45. gxh5 Kf6 46. Ne4+ Kf5 47. Ng3+ Kg5 48. Kg2 Kf4 49. Kh3 Be1 50. Ne2+ Ke4 51. Kg4 Kxd5 52. Kf5 Bh4 53. Nc3+ Kc4 54. Ne4 Be7 55. Ke6 Kd4 56. Ng3 Bg5 57. Nf5+ Kd3 58. Kxd6 Ke4 59. Ng3+ Kf3 60. Nf5 Kf4 61. Ng7 e4 62. Kd5 e3 63. Ne6+ Kg4 64. Nd4 Kxh5 65. Ke4 Kg4 66. Kd3 h5 67. Ke2 h4 68. Kf1 h3 69. Ne2 Bf4 70. Kg1 Bg3 71. Kh1 Bf2 72. Kh2 Kh4 73. Kh1 Kg5 74. Kh2 Kg4 75. Kh1 Bg3 76. Kg1 Be5 77. Kf1 Kf3 78. Ng1+ Kg4 79. Ne2 Kf5 80. Kg1 Ke4 81. Kh1 Kd3 82. Ng1 Bg3 83. Nf3 e2 84. Ng1 e1N 85. Nxh3 Ke2 86. Ng1+ Kf1 87. Nf3 Nd3 88. Nd2+ Ke2 89. Ne4 Be5 90. Kg2 Ne1+ 91. Kh3 Kf3 92. Nd2+ Kf4 93. Nc4 Bf6 94. Nd2 Bg5 95. Nf1 Kf3 96. Nh2+ Kf4 97. Nf1 Bf6 98. Ng3 Kf3 99. Nf5 Nd3 100. Nh4+ Kf4 101. Ng2+ Kf5 102. Ne3+ Ke4 103. Nc4 Bg5 104. Kg4 Bf4 105. Nb6 Nf2+ 106. Kh5 Kf5 107. Nc8 Ne4 108. Ne7+ Ke6 109. Ng6 Nf6+ 110. Kh4 Bd6 111. Kg5 Ne4+ 112. Kg4 1/2-1/2

[Event "FRM-ch op"]
[Site "Skopje"]
[Date "2023.05.07"]
[Round "5"]
[White "Golubovic, Tomislav"]
[Black "Spasov, Igor Aleksandar"]
[Result "1/2-1/2"]
[WhiteElo "1663"]
[BlackElo "1280"]
[PlyCount "63"]
[EventDate "2023.05.04"]
[EventType "swiss"]
[EventRounds "9"]
[EventCountry "MKD"]
[SourceTitle "CBM 214 Extra"]
[Source "ChessBase"]
[SourceDate "2023.07.31"]
[SourceVersion "1"]
[SourceVersionDate "2023.07.31"]
[SourceQuality "1"]

1. e4 c6 2. d4 d5 3. exd5 cxd5 4. Bd3 Nc6 5. c3 Nf6 6. Ne2 Bg4 7. Qb3 Qd7 8. 0-0 e6 9. Bf4 Be7 10. Ng3 Nh5 11. Nxh5 Bxh5 12. Nd2 Bg6 13. Be2 0-0 14. Nf3 a6 15. Ne5 Nxe5 16. Bxe5 Bd6 17. Bxd6 Qxd6 18. Rad1 Rfc8 19. Bd3 Bxd3 20. Rxd3 b5 21. a3 Qc6 22. Rdd1 Qc4 23. Qxc4 bxc4 24. f4 Rab8 25. Rd2 f5 26. Re1 Kf7 27. Ree2 h6 28. h4 h5 29. g3 a5 30. Kf2 a4 31. Ke1 Rb6 32. Kd1 1/2-1/2

[Event "FRM-ch op"]
[Site "Skopje"]
[Date "2023.05.06"]
[Round "4"]
[White "Stefanoski, Daniel"]
[Black "Golubovic, Tomislav"]
[Result "1/2-1/2"]
[WhiteElo "1137"]
[BlackElo "1663"]
[PlyCount "101"]
[EventDate "2023.05.04"]
[EventType "swiss"]
[EventRounds "9"]
[EventCountry "MKD"]
[SourceTitle "CBM 214 Extra"]
[Source "ChessBase"]
[SourceDate "2023.07.31"]
[SourceVersion "1"]
[SourceVersionDate "2023.07.31"]
[SourceQuality "1"]

1. e4 c5 2. c3 Nc6 3. d4 cxd4 4. cxd4 d5 5. exd5 Qxd5 6. Nf3 Bg4 7. Be2 e5 8. dxe5 Bb4+ 9. Nc3 Bxc3+ 10. bxc3 Bxf3 11. Bxf3 Qxe5+ 12. Qe2 Qxe2+ 13. Kxe2 Nge7 14. Ba3 0-0 15. Rhe1 Rfe8 16. Kf1 Rac8 17. Rad1 Ng6 18. Rd7 Rxe1+ 19. Kxe1 Nge5 20. Rxb7 Nxf3+ 21. gxf3 g6 22. f4 Kg7 23. Bc5 Kf6 24. Kd2 Ke6 25. Be3 h5 26. Kd3 Rd8+ 27. Bd4 f6 28. Ke4 f5+ 29. Kd3 Rg8 30. h4 a5 31. Rg7 Rxg7 32. Bxg7 Kd5 33. c4+ Kc5 34. a3 a4 35. Bf8+ Kb6 36. f3 Ka6 37. Bd6 Kb6 38. c5+ Kb5 39. Kc3 Na5 40. Kd4 Kc6 41. Ke5 Nc4+ 42. Kf6 Nxa3 43. Kxg6 Nc4 44. Bf8 Nd2 45. Kxf5 Nxf3 46. Bg7 Kxc5 47. Bf6 Kd5 48. Ba1 Nxh4+ 49. Kg5 Ke4 50. Kxh4 Kxf4 51. Kxh5 1/2-1/2

[Event "Skopje-ch Seniors"]
[Site "Skopje"]
[Date "2022.10.10"]
[Round "6"]
[White "Golubovic, Tomislav"]
[Black "Cvetkovski, Slobodan"]
[Result "0-1"]
[WhiteElo "1702"]
[BlackElo "1714"]
[PlyCount "112"]
[EventDate "2022.10.07"]
[EventType "swiss"]
[EventRounds "7"]
[EventCountry "MKD"]
[SourceTitle "EXT 2024"]
[Source "ChessBase"]
[SourceDate "2023.10.10"]
[SourceVersion "1"]
[SourceVersionDate "2023.10.10"]
[SourceQuality "1"]

1. e4 e6 2. d4 d5 3. Nc3 Bb4 4. exd5 exd5 5. Bd3 Nf6 6. Nge2 c6 7. Bg5 Bg4 8. Qd2 Nbd7 9. 0-0 0-0 10. Rfe1 Qc7 11. Bf4 Bd6 12. Bxd6 Qxd6 13. Ng3 Rfe8 14. h3 Be6 15. Re2 Nf8 16. Rae1 Ng6 17. Bxg6 hxg6 18. Qg5 Bd7 19. Rxe8+ Rxe8 20. Rxe8+ Bxe8 21. a3 Bd7 22. b4 a5 23. Na2 axb4 24. axb4 Qb8 25. c3 Qa7 26. Qd2 Qa4 27. Nc1 Qa1 28. Kh2 Qb1 29. f3 Ne8 30. Nd3 Nd6 31. Ne5 Bf5 32. Qf4 Ne8 33. Nxf5 Qxf5 34. Qxf5 gxf5 35. Nd7 Nd6 36. Kg3 Nb5 37. Nc5 Nxc3 38. Kf4 Nb5 39. Nb3 f6 40. Kxf5 Kf7 41. Kf4 b6 42. Ke3 Kg6 43. Kf4 Nc3 44. g4 Na2 45. b5 cxb5 46. h4 Nb4 47. h5+ Kf7 48. Kf5 Nc6 49. Kf4 Na5 50. Nxa5 bxa5 51. Ke3 a4 52. Kd2 b4 53. Kc1 f5 54. g5 f4 55. Kb2 Ke6 56. g6 Kf6 0-1

[Event "FRM-ch op"]
[Site "Skopje"]
[Date "2022.05.01"]
[Round "4"]
[White "Eftovski, Mateo"]
[Black "Golubovic, Tomislav"]
[Result "1-0"]
[WhiteElo "1940"]
[BlackElo "1721"]
[PlyCount "61"]
[EventDate "2022.04.29"]
[EventType "swiss"]
[EventRounds "9"]
[EventCountry "MKD"]
[SourceTitle "CBM 208 Extra"]
[Source "ChessBase"]
[SourceDate "2022.07.31"]
[SourceVersion "1"]
[SourceVersionDate "2022.07.31"]
[SourceQuality "1"]

1. d4 Nf6 2. c4 c5 3. d5 e5 4. Nc3 d6 5. e4 Na6 6. f4 Bg4 7. Be2 Bxe2 8. Qxe2 exf4 9. Bxf4 Be7 10. Nf3 0-0 11. 0-0 Re8 12. Qd2 Nc7 13. a4 a6 14. Rae1 Nd7 15. Bg3 f6 16. Nh4 Ne5 17. Nf5 Rf8 18. Qe2 Qe8 19. Bxe5 fxe5 20. Qg4 Rxf5 21. exf5 Bf6 22. Ne4 Qe7 23. h4 a5 24. Re3 Kh8 25. Rb3 Ne8 26. Qh5 h6 27. g4 Bxh4 28. Rh3 Bg5 29. Nxg5 Nf6 30. Qg6 Nxg4 31. f6 1-0

[Event "Karposh CC-ch"]
[Site "Skopje"]
[Date "2021.07.02"]
[Round "8"]
[White "Tevdovski, Zoran"]
[Black "Golubovic, Tomislav"]
[Result "1-0"]
[WhiteElo "1809"]
[BlackElo "1712"]
[PlyCount "61"]
[EventDate "2021.06.28"]
[EventType "tourn"]
[EventRounds "11"]
[EventCountry "MKD"]
[SourceTitle "EXT 2022"]
[Source "ChessBase"]
[SourceDate "2021.10.06"]
[SourceVersion "1"]
[SourceVersionDate "2021.10.06"]
[SourceQuality "1"]

1. d4 Nf6 2. Bg5 d5 3. e3 Nc6 4. Bb5 e6 5. Nf3 Bd7 6. Nbd2 h6 7. Bh4 Be7 8. c4 dxc4 9. Bxc4 Nd5 10. Bxe7 Qxe7 11. 0-0 0-0 12. a3 a6 13. Rc1 Rac8 14. Re1 Rfd8 15. Ne4 Na7 16. Nc5 Bc6 17. Ne5 Rd6 18. Nxc6 Rxc6 19. Nxb7 Rb8 20. Na5 Rcb6 21. b4 Qg5 22. Bxd5 exd5 23. Rxc7 Nb5 24. Rc5 Nxa3 25. Nc6 R8b7 26. e4 Rxc6 27. Rxc6 Rxb4 28. Rc8+ Kh7 29. exd5 Qxd5 30. Qd3+ g6 31. Qxa3 1-0

[Event "Skopje op"]
[Site "Skopje"]
[Date "2019.12.12"]
[Round "9"]
[White "Golubovic, Tomislav"]
[Black "Nikolovski, David1111"]
[Result "1/2-1/2"]
[WhiteElo "1699"]
[BlackElo "1566"]
[PlyCount "27"]
[EventDate "2019.12.06"]
[EventType "swiss"]
[EventRounds "9"]
[EventCountry "MKD"]
[SourceTitle "CBM 193 Extra"]
[Source "ChessBase"]
[SourceDate "2020.01.31"]
[SourceVersion "1"]
[SourceVersionDate "2020.01.31"]
[SourceQuality "1"]

1. e4 e5 2. Nf3 Nf6 3. Nc3 Nc6 4. Bb5 Bc5 5. 0-0 d6 6. h3 0-0 7. d3 h6 8. a3 a6 9. Ba4 Ba7 10. Be3 Re8 11. Bb3 Be6 12. Ba2 Bxa2 13. Bxa7 Rxa7 14. Rxa2 1/2-1/2

[Event "FRM-ch op"]
[Site "Skopje"]
[Date "2018.12.16"]
[Round "2"]
[White "Janeski, Leon"]
[Black "Golubovic, Tomislav"]
[Result "1-0"]
[WhiteElo "1263"]
[BlackElo "1766"]
[PlyCount "61"]
[EventDate "2018.12.15"]
[EventType "swiss"]
[EventRounds "9"]
[EventCountry "MKD"]
[SourceTitle "CBM 187 Extra"]
[Source "ChessBase"]
[SourceDate "2018.11.04"]
[SourceVersion "1"]
[SourceVersionDate "2018.11.04"]
[SourceQuality "1"]

1. e4 c5 2. Nf3 d6 3. d4 cxd4 4. Nxd4 Nf6 5. Nc3 g6 6. Be3 Bg7 7. f3 0-0 8. Qd2 Nc6 9. 0-0-0 Nxd4 10. Bxd4 a6 11. Kb1 Re8 12. g4 Be6 13. h4 Qa5 14. g5 Nh5 15. Bxg7 Nxg7 16. b3 Rac8 17. Nd5 Qc5 18. c4 a5 19. Nc3 Bd7 20. Bh3 Ne6 21. h5 a4 22. Bxe6 fxe6 23. hxg6 axb3 24. gxh7+ Kh8 25. axb3 Qb4 26. Kc2 b5 27. g6 bxc4 28. g7+ Kxg7 29. h8Q+ Rxh8 30. Rdg1+ Kf7 31. Qf4+ 1-0

[Event "FRM-ch op"]
[Site "Skopje"]
[Date "2018.12.15"]
[Round "1"]
[White "Golubovic, Tomislav"]
[Black "Stanojoski, Zvonko"]
[Result "0-1"]
[WhiteElo "1766"]
[BlackElo "2447"]
[PlyCount "52"]
[EventDate "2018.12.15"]
[EventType "swiss"]
[EventRounds "9"]
[EventCountry "MKD"]
[SourceTitle "CBM 187 Extra"]
[Source "ChessBase"]
[SourceDate "2018.11.04"]
[SourceVersion "1"]
[SourceVersionDate "2018.11.04"]
[SourceQuality "1"]

1. e4 c5 2. Nf3 Nc6 3. d4 cxd4 4. Nxd4 g6 5. Nxc6 bxc6 6. Bc4 Bg7 7. 0-0 d6 8. Nc3 Nf6 9. Bb3 0-0 10. f3 Qb6+ 11. Kh1 a5 12. Re1 Nd7 13. Rb1 Qa6 14. Be3 Bxc3 15. bxc3 a4 16. Bh6 axb3 17. Bxf8 bxa2 18. Ra1 Nxf8 19. e5 d5 20. Qd4 Bf5 21. Rec1 Qa3 22. g4 Be6 23. h4 c5 24. Qd2 d4 25. h5 dxc3 26. Qg2 Bd5 0-1

[Event "FRM-chT 24th"]
[Site "Struga"]
[Date "2015.07.21"]
[Round "2"]
[White "Golubovic, Tomislav"]
[Black "Bogdanovski, Vlatko"]
[Result "0-1"]
[WhiteElo "1853"]
[BlackElo "2409"]
[PlyCount "72"]
[EventDate "2015.07.20"]
[EventType "team-tourn"]
[EventRounds "7"]
[EventCountry "MKD"]
[SourceTitle "CBM 167 Extra"]
[Source "ChessBase"]
[SourceDate "2015.09.14"]
[SourceVersion "1"]
[SourceVersionDate "2015.09.14"]
[SourceQuality "1"]
[WhiteTeam "Skopje Karposh"]
[BlackTeam "Skopje Alkaloid"]
[WhiteTeamCountry "MKD"]
[BlackTeamCountry "MKD"]

1. e4 c6 2. Nc3 d5 3. exd5 cxd5 4. d4 Nc6 5. Nf3 Bg4 6. Be2 e6 7. Be3 Bb4 8. 0-0 Nge7 9. a3 Bxc3 10. bxc3 0-0 11. Rb1 Na5 12. h3 Bxf3 13. Bxf3 Rc8 14. Bd2 Qd7 15. Be2 Nc4 16. Bc1 Nd6 17. Bd3 Rxc3 18. Bd2 Rc7 19. Rb3 Rfc8 20. Qb1 b6 21. c3 Ne4 22. Bxe4 dxe4 23. Qxe4 Nd5 24. Rc1 Rc4 25. Qb1 R8c6 26. Qb2 Qc7 27. g3 h6 28. Kg2 a6 29. a4 b5 30. Kf3 Qd8 31. Re1 Qc8 32. Rc1 e5 33. dxe5 Qf5+ 34. Kg2 Qe4+ 35. Kg1 Qf3 36. Re1 Rg6 0-1

[Event "FRM-chT 24th"]
[Site "Struga"]
[Date "2015.07.20"]
[Round "1"]
[White "Nikolovski, Nikola"]
[Black "Golubovic, Tomislav"]
[Result "1-0"]
[WhiteElo "2293"]
[BlackElo "1853"]
[PlyCount "73"]
[EventDate "2015.07.20"]
[EventType "team-tourn"]
[EventRounds "7"]
[EventCountry "MKD"]
[SourceTitle "CBM 167 Extra"]
[Source "ChessBase"]
[SourceDate "2015.09.14"]
[SourceVersion "1"]
[SourceVersionDate "2015.09.14"]
[SourceQuality "1"]
[WhiteTeam "Skopje Gambit Asseko"]
[BlackTeam "Skopje Karposh"]
[WhiteTeamCountry "MKD"]
[BlackTeamCountry "MKD"]

1. e4 c5 2. Nc3 Nc6 3. f4 d6 4. Nf3 g6 5. Bb5 Bg7 6. 0-0 Bd7 7. Bxc6 bxc6 8. d3 Nf6 9. Qe1 0-0 10. Qh4 e6 11. e5 Nd5 12. Qxd8 Rfxd8 13. Ne4 Nb4 14. Rf2 d5 15. Nxc5 Bf8 16. Be3 Bxc5 17. Bxc5 Na6 18. Bd6 c5 19. c4 Rdc8 20. Rd2 Bc6 21. Kf2 dxc4 22. dxc4 Be4 23. Ke3 Bb7 24. b3 Kg7 25. Rad1 Bc6 26. g4 Nb8 27. Be7 Na6 28. Ng5 h6 29. Ne4 Bxe4 30. Kxe4 Nb4 31. a3 Nc6 32. Bf6+ Kf8 33. Rd3 Rab8 34. Rh3 Ne7 35. Rxh6 Rxb3 36. Rd7 Re8 37. Rxe7 1-0

[Event "Skopje Karposh op"]
[Site "Skopje"]
[Date "2014.04.05"]
[Round "9"]
[White "Golubovic, Tomislav"]
[Black "Ilic, Slobodan S"]
[Result "1/2-1/2"]
[WhiteElo "1855"]
[BlackElo "2055"]
[PlyCount "41"]
[EventDate "2014.03.29"]
[EventType "swiss"]
[EventRounds "9"]
[EventCountry "MKD"]
[SourceTitle "CBM 159 Extra"]
[Source "ChessBase"]
[SourceDate "2014.04.24"]
[SourceVersion "1"]
[SourceVersionDate "2014.04.24"]
[SourceQuality "1"]

1. e4 c5 2. Nf3 e6 3. d4 cxd4 4. Nxd4 Nf6 5. Nc3 d6 6. Bg5 Be7 7. Qd2 Nc6 8. f3 a6 9. a4 Qc7 10. Be2 0-0 11. Nb3 b6 12. 0-0 Bb7 13. Rfd1 Rfd8 14. Be3 d5 15. exd5 Nb4 16. Bd3 Nfxd5 17. Nxd5 Nxd5 18. Kh1 Bd6 19. Bg1 Be5 20. Rab1 Bc6 21. a5 1/2-1/2

[Event "Skopje Karposh op"]
[Site "Skopje"]
[Date "2014.03.30"]
[Round "2"]
[White "Krstev, Emil"]
[Black "Golubovic, Tomislav"]
[Result "1-0"]
[WhiteElo "2156"]
[BlackElo "1855"]
[PlyCount "95"]
[EventDate "2014.03.29"]
[EventType "swiss"]
[EventRounds "9"]
[EventCountry "MKD"]
[SourceTitle "CBM 159 Extra"]
[Source "ChessBase"]
[SourceDate "2014.04.24"]
[SourceVersion "1"]
[SourceVersionDate "2014.04.24"]
[SourceQuality "1"]

1. b4 e5 2. Bb2 d6 3. e4 Nf6 4. Nc3 Be6 5. Nf3 h6 6. d4 exd4 7. Nxd4 Bg4 8. f3 Bh5 9. Bc4 Nbd7 10. Qe2 Nb6 11. Bb3 Bg6 12. 0-0-0 Be7 13. e5 Nh5 14. exd6 cxd6 15. Rhe1 Kf8 16. g3 a6 17. f4 Nf6 18. f5 Bh5 19. Nf3 Qc7 20. h3 Bxf3 21. Qxf3 Rc8 22. Re2 Nc4 23. Bxc4 Qxc4 24. Qxb7 Rc7 25. Qa8+ Rc8 26. Qa7 Rc7 27. Qd4 Qxd4 28. Rxd4 Nh5 29. g4 Nf6 30. Nd5 Nxd5 31. Rxd5 f6 32. Ra5 Kf7 33. Rxa6 Rhc8 34. b5 Rb8 35. a4 Rbb7 36. Ba3 Ra7 37. Rxa7 Rxa7 38. Re4 Bf8 39. b6 Ra8 40. Re6 d5 41. Bxf8 Kxf8 42. b7 Rb8 43. Rb6 Ke7 44. a5 Kd7 45. a6 Kc7 46. a7 Rxb7 47. a8Q Rxb6 48. Qxd5 1-0

[Event "Skopje Karposh op"]
[Site "Skopje"]
[Date "2013.03.15"]
[Round "8"]
[White "Arizanov, Tome"]
[Black "Golubovic, Tomislav"]
[Result "1-0"]
[WhiteElo "2099"]
[BlackElo "1876"]
[PlyCount "69"]
[EventDate "2013.03.09"]
[EventType "swiss"]
[EventRounds "9"]
[EventCountry "MKD"]
[SourceTitle "CBM 153 Extra"]
[Source "ChessBase"]
[SourceDate "2013.04.22"]
[SourceVersion "1"]
[SourceVersionDate "2013.04.22"]
[SourceQuality "1"]

1. Nf3 d5 2. g3 Nf6 3. Bg2 c6 4. 0-0 Bf5 5. d3 h6 6. b3 Nbd7 7. c4 e6 8. Na3 Qa5 9. Nc2 Be7 10. Bd2 Qc7 11. Rb1 0-0 12. Nfe1 Rad8 13. Qc1 Rfe8 14. Ne3 dxc4 15. Nxf5 exf5 16. bxc4 Bd6 17. e3 Nc5 18. Bb4 Ng4 19. Qa3 b6 20. d4 Ne4 21. Bxd6 Nxd6 22. Qa4 Ne4 23. Qc2 Ngxf2 24. Rxf2 Nxf2 25. Qxf2 c5 26. Bd5 Qe7 27. Ng2 g6 28. Re1 Kg7 29. Rf1 cxd4 30. exd4 Qb4 31. g4 Re7 32. gxf5 Red7 33. fxg6 fxg6 34. Qf6+ Kh7 35. Nf4 1-0